00386nam a22001217a 4500020002200000041001200022082000800034100002600042245006300068260010900131300000800240650001600248 a978-81-7821-461-0 aEnglish a242 aJohn, Rev. E.C.(comp) aLord Let Me Share: Life and Writings of Canon Subir Biswas aTiruvalla, KeralabThe Ecumenical Christian Academy, NCCI, and Christava Sahitya Samiti, Tiruvallac2012 a101 aMeditations